Electronic circuits for the evil genius (E-Book) (Record no. 192106)

000 -LEADER
fixed length control field 01189 a2200277 4500
003 - CONTROL NUMBER IDENTIFIER
control field Nust
005 - DATE AND TIME OF LATEST TRANSACTION
control field 20170207154030.0
010 ## - LIBRARY OF CONGRESS CONTROL NUMBER
LC control number 2004063156
020 ## - INTERNATIONAL STANDARD BOOK NUMBER
International Standard Book Number 0071448810
035 ## - SYSTEM CONTROL NUMBER
System control number (OCoLC)ocm57041473
040 ## - CATALOGING SOURCE
Transcribing agency Nust
082 00 - DEWEY DECIMAL CLASSIFICATION NUMBER
Classification number 621.3815
100 1# - MAIN ENTRY--PERSONAL NAME
Personal name Cutcher, Dave.
245 10 - TITLE STATEMENT
Title Electronic circuits for the evil genius (E-Book)
Statement of responsibility, etc. Dave Cutcher.
246 0# - VARYING FORM OF TITLE
Title proper/short title 57 lessons with projects
260 ## - PUBLICATION, DISTRIBUTION, ETC.
Place of publication, distribution, etc. New York :
Name of publisher, distributor, etc. McGraw-Hill,
Date of publication, distribution, etc. c2005.
300 ## - PHYSICAL DESCRIPTION
Extent xiii, 225 p. :
Other physical details ill. ;
Dimensions 28 cm.
440 #0 - SERIES STATEMENT/ADDED ENTRY--TITLE
Title Evil genius series
500 ## - GENERAL NOTE
General note Part.1 Components (page-1) Par t. ii Introducing Digital Electronics (Page-47) Part.iii Counting Systems in Electronics (Page-125) Part. iv Amplifier Introduced and Applied (Page-173)
650 #0 - SUBJECT ADDED ENTRY--TOPICAL TERM
Topical term or geographic name entry element Electronic apparatus and appliances
General subdivision Design and construction
650 #0 - SUBJECT ADDED ENTRY--TOPICAL TERM
Topical term or geographic name entry element Electronic circuits
General subdivision Experiments
651 ## - SUBJECT ADDED ENTRY--GEOGRAPHIC NAME
Geographic name MCS
856 42 - ELECTRONIC LOCATION AND ACCESS
Materials specified Contributor biographical information
Uniform Resource Identifier <a href="http://www.loc.gov/catdir/enhancements/fy0619/2004063156-b.html">http://www.loc.gov/catdir/enhancements/fy0619/2004063156-b.html</a>
856 42 - ELECTRONIC LOCATION AND ACCESS
Materials specified Publisher description
Uniform Resource Identifier <a href="http://www.loc.gov/catdir/enhancements/fy0619/2004063156-d.html">http://www.loc.gov/catdir/enhancements/fy0619/2004063156-d.html</a>
856 42 - ELECTRONIC LOCATION AND ACCESS
Materials specified Table of contents only
Uniform Resource Identifier <a href="http://www.loc.gov/catdir/enhancements/fy0619/2004063156-t.html">http://www.loc.gov/catdir/enhancements/fy0619/2004063156-t.html</a>
942 ## - ADDED ENTRY ELEMENTS (KOHA)
Source of classification or shelving scheme
Koha item type Book
Holdings
Withdrawn status Lost status Source of classification or shelving scheme Damaged status Not for loan Collection code Permanent Location Current Location Date acquired Total Checkouts Full call number Barcode Date last seen Price effective from Koha item type
            Military College of Signals (MCS) Military College of Signals (MCS) 12/12/2016   621.3815 MCSEB-1155 12/08/2016 12/12/2016 Book
© 2023 Central Library, National University of Sciences and Technology. All Rights Reserved.